| 000 | 00741 a2200193 4500 | ||
|---|---|---|---|
| 010 | _aENG-85476 | ||
| 020 |
_c75.00 _a8188261351 |
||
| 035 | _aEN-69009 | ||
| 037 | _bD.B.Act / Pub | ||
| 082 | 1 | 4 | _a921 |
| 090 |
_c2791 _d2791 |
||
| 245 | 1 |
_aAdvent of bhagwan Ramana _ctranslated & edited by A.R.Natrajan _ba biography by yogi Shuddhsnsnda Bharathi |
|
| 260 |
_aBanglore _c2005 _bRamana Maharishi Centre for Leaqrning |
||
| 270 |
_aHeritage Building, Post Office Road, Sanjay Nagar, _bBanglore _e560 094 _k23512639, 23514930 _mwww.ramanacentre.org |
||
| 300 |
_av, 93 p. _c22 cm (Pbk.) |
||
| 700 | 1 | _aNatrajan, A. R. | |
| 942 |
_adpl _cEN _k921 / ADV |
||
| 999 |
_c2738 _d2738 |
||